2025 Philadelphia Union Roster - Statistics

General Stats
  • This quiz has been taken 9 times
  • The average score is 16 of 30
Answer Stats
Nation # Position Answer % Correct
Jamaica 18 Goalkeeper Andre Blake
88%
USA 6 Midfielder Cavan Sullivan
88%
Germany 27 Defender Kai Wagner
88%
USA 33 Midfielder Quinn Sullivan
88%
Israel 9 Forward Tai Baribo
88%
Norway 5 Defender Jakob Glesnes
75%
Venezuela 8 Midfielder Jesus Bueno
75%
Serbia 4 Midfielder Jovan Lukic
75%
Denmark 7 Forward Mikael Uhre
75%
USA 11 Midfielder Alejandro Bedoya
63%
USA 76 Goalkeeper Andrew Rick
63%
South Africa - Manager Bradley Carnell
63%
Uruguay 20 Forward Bruno Damiani
63%
Cameroon 15 Defender Olivier Mbaizo
63%
Haiti 21 Midfielder Danley Jean Jacques
50%
USA 39 Defender Frankie Westfield
50%
USA 19 Midfielder Indiana Vassilev
50%
USA 32 Forward Milan Iloski
50%
USA 26 Defender Nathan Harriel
50%
South Africa 29 Defender Olwethu Makhanya
50%
USA 25 Forward Chris Donovan
38%
USA 77 Forward Eddy Davis
38%
USA 35 Forward Markus Anderson
38%
USA 44 Defender Neil Pierre
38%
USA 16 Midfielder Ben Bender
25%
USA 31 Goalkeeper George Marks
25%
Argentina 2 Defender Ian Glavinovich
25%
USA 14 Midfielder Jeremy Rafanello
25%
USA 55 Forward Sal Olivas
13%
USA 24 Midfielder Nick Pariano
0%
No matching quizzes found
Score Distribution
Percent of People with Each Score
Percentile by Number Answered
Your Score History
You have not taken this quiz